Obálka Náhled e-knihy:
PDF Epub
Pro půjčování e-knih musíte být přihlášeni.
Jak si půjčit online?

Půlměsíční město. Rod nebes a dechu /

Druhý díl epické fantasy ságy oblíbené autorky. Bryce a Hunt se vytouženého klidu nedočkají...

Uloženo v:
Série:Půlměsíční město, část 2
Hlavní autor: Maas, Sarah J., 1986- (Autor)
Další autoři: Svobodová, Ivana, 1983- (Autor)
Médium: E-kniha
Jazyk:Czech
Vydáno: V Praze : CooBoo, 2022
Vydání:1. vydání
Témata:
Příbuzné jednotky:Z cyklu:: Půlměsíční město
Tagy:
Žádné tagy
LEADER 02769nam a2200469 i 4500
001 311689
003 CZ PrSKC
005 20260601215710.0
007 ta
008 221017s2022 xr g 000 f cze
015 |a cnb003464685 
020 |a 9788076616080  |q (vázáno) 
035 |a (OCoLC)1350559841 
040 |a ABG001  |b cze  |e rda 
041 1 |a cze  |h eng 
072 7 |a 821.111(73)-3  |x Americká próza  |2 Konspekt 
080 |a 821.111(73)-31  |2 MRF 
080 |a (0:82-312.9)  |2 MRF 
100 1 |a Maas, Sarah J.,  |d 1986-  |7 xx0197098  |4 aut 
240 1 0 |a House of sky and breath.  |l Česky 
245 1 0 |a Půlměsíční město.  |p Rod nebes a dechu /  |c Sarah J. Maasová ; přeložila Ivana Svobodová 
246 3 0 |a Rod nebes a dechu 
250 |a 1. vydání 
264 1 |a V Praze :  |b CooBoo,  |c 2022 
300 |a 780 stran ;  |c 21 cm 
336 |a text  |b txt  |2 rdacontent 
337 |a bez média  |b n  |2 rdamedia 
338 |a svazek  |b nc  |2 rdacarrier 
500 |a Přeloženo z angličtiny 
520 2 |a Druhý díl epické fantasy ságy oblíbené autorky. Bryce a Hunt se vytouženého klidu nedočkají...  |b Bryce Quinlanová a Hunt Athalar se snaží vrátit do normálu - možná zachránili Crescent City, ale vzhledem k tomu, že se v jejich životech v poslední době odehrálo tolik otřesů, chtějí si hlavně odpočinout. Zpomalit. Zjistit, co je čeká v budoucnosti. Asteriové zatím drží slovo a nechávají Bryce a Hunta na pokoji. Ale s tím, jak rebelové oslabují moc Asteriů, roste hrozba, kterou vládci představují. Jak jsou Bryce, Hunt a jejich přátelé vtahováni do plánů rebelů, volba se stává jasnou: mlčet, zatímco jsou ostatní utlačováni, nebo bojovat za to, co je správné. A mlčení jim nikdy moc nešlo. Sexy, akcí nabitý strhující příběh o světě, který se chystá explodovat - a o lidech, kteří udělají cokoli, aby ho zachránili. Nakladatelská anotace. 
655 7 |a americké romány  |7 fd131796  |2 czenas 
655 7 |a fantasy romány  |7 fd184199  |2 czenas 
655 9 |a American fiction  |2 eczenas 
655 9 |a fantasy novels  |2 eczenas 
700 1 |a Svobodová, Ivana,  |d 1983-  |7 jo2004232711  |4 trl 
787 0 8 |i Z cyklu:  |t Půlměsíční město  |g 2 
900 |a ABA001  |b 21 
928 9 |a Albatros Media - CooBoo 
044 |a xr 
910 |a RBIT002 
998 |d 361554  |a https://core.palmknihy.cz/api/books/361554/cover?t1w46k  |b https://core.palmknihy.cz/api/books/361554/cover/400?t1w46k  |c https://core.palmknihy.cz/api/books/361554/cover/50?t1w46k  |e 2026-09-02  |g 784  |i 9788076616080  |j https://core.palmknihy.cz/api/books/361554/preview.epub  |k https://core.palmknihy.cz/api/books/361554/preview.pdf  |l   |q 49  |r 1  |s https://www.palmknihy.cz/kniha/361554  |t ebook  |y 2022  |z 0  |v Půlměsíční město  |w 2 
999 |d 311687